000
00315nam a22001457a 4500
008
230913b ||||| |||| 00| 0 eng d
020
_a
00211753
041
_a
eng
080
_a
521
082
_a
521ISI
100
_a
19
101
_a
ASTRO
245
_a
AN INTERNATIONAL REVIEW DEVOTED
_c
ISIS
942
_2
udc
_c
BK
999
_c
60369
_d
60369